000 00629nam a2200265Ia 4500
005 20260121164929.0
008 008 260114s9999 xx 000 0 eng d
020 _a9783319058559
037 _aEBOOK
040 _aCRL
040 _beng
040 _cCRL
041 _2eng
041 _aeng
084 _qCRL
100 _aKosto V. Mitov, Edward Omey
_91045433
245 0 _aRenewal Processes
260 _bSpringer
260 _bSpringer
260 _c2014
856 _uhttp://link.springer.com/openurl?genre=book&isbn=978-3-319-05855-9
942 _cEBOOK
999 _c1611156
_d1611156